| 000 | 02100cam a2200205 4500500 | ||
|---|---|---|---|
| 005 | 20260322004719.0 | ||
| 041 | _afre | ||
| 042 | _adc | ||
| 100 | 1 | 0 |
_aProuvost, Victor _eauthor |
| 700 | 1 | 0 |
_aCoron, Emmanuel _eauthor |
| 700 | 1 | 0 |
_aBarret, Maximilien _eauthor |
| 700 | 1 | 0 |
_aVerdier, Marine _eauthor |
| 700 | 1 | 0 |
_aChapelle, Nicolas _eauthor |
| 245 | 0 | 0 | _aEndoscopic management of superficial esophageal cancers in 2024 |
| 260 | _c2024. | ||
| 500 | _a35 | ||
| 520 | _aEsophageal cancer, comprising two histological types (adenocarcinoma and squamous cell carcinoma), has a poor prognosis because it is frequently diagnosed at an advanced stage. In contrast, the survival rates of patients with superficial cancer is excellent. Advances in endoscopic technology, including high-definition endoscopes, chromoendoscopy, and zoom endoscopes, along with the development of new endoscopic classifications, has significantly improved the ability to detect and characterize esophageal lesions. Endoscopic treatments are now recognized as the gold standard treatment for superficial esophageal cancers, with an excellent curative resection rate and a lower morbidity compared to surgery. For superficial tumors, in the absence of ulceration or stricturing lesions, en-bloc “staging” resection can be proposed, with pathology defining the curative potential of the resection. In the case of non-curative resection, rescue treatment (surgery, radiotherapy, or radiochemotherapy) may be proposed. Digestive endoscopy plays a major role in the management of Barrett’s esophagus, helping prevent adenocarcinoma and reducing the risk of metachronous cancer following curative resection. Artificial intelligence is set to play an important role in the detection and characterization of esophageal lesions in the future, but has not yet been validated in clinical practice. | ||
| 786 | 0 | _nHépato-Gastro & Oncologie Digestive | 31 | 1 | 2024-01-01 | p. 14-28 | 2115-3310 | |
| 856 | 4 | 1 | _uhttps://stm.cairn.info/journal-hepato-gastro-oncologie-digestive-2024-1-page-14?lang=en&redirect-ssocas=7080 |
| 999 |
_c1742442 _d1742442 |
||